Normal view
MARC view
Entry Personal Name
001 - CONTROL NUMBER
- control field: 1236425
003 - CONTROL NUMBER IDENTIFIER
- control field: OSt
005 - DATE AND TIME OF LATEST TRANSACTION
- control field: 20260430150105.0
008 - FIXED-LENGTH DATA ELEMENTS
- fixed length control field: 260430|| aca||aabn | a|a d
040 ## - CATALOGING SOURCE
- Original cataloging agency: OSt
- Transcribing agency: OSt
100 ## - HEADING--PERSONAL NAME
- Personal name: Kannan Tara Au.; Singh Ojesh Pratap Gu
670 ## - SOURCE DATA FOUND
- Source citation: Work cat.: (OSt)1848921: Kannan Tara Au.; Singh Ojesh Pratap Gu., An analytical study of the compositions of PT. Jagannath Buwa Purohit, 2022
